Famous Wizards and Sorcery-persons - Statistics

General Stats
  • This quiz has been taken 57 times
  • The average score is 9 of 16
Answer Stats
Hint Answer % Correct
He moved Stonehenge from Ireland to England, according to Arthurian Legend Merlin
92%
The main character of the most financially successful wizard franchise Harry Potter
82%
A quotable wizard who fell for a long time only to change colour and return Gandalf
78%
The wizard headmaster of the wizarding world’s leading wizard school for wizards Dumbledore
71%
A wizard whose reputation is based on ignoring the man behind the curtain Wizard of Oz
71%
This talented surgeon was in a car crash, becoming a universe-saving sorcerer Dr. Strange
63%
An evil wizard whose plans get wrecked by walking trees Saruman
59%
Admiral Motti was not frightened by this “sorcerer’s ways”—the choking, though… Darth Vader
57%
This evil grand vizier used a genie’s wish to become a powerful sorcerer Jafar
55%
While only in training this musical sorcerer cloned magical brooms Mickey Mouse
55%
He wants to capture blue elf creatures in the forest to… eat them maybe? Gargamel
49%
He started off as a Bull and also played some baseball, but he retired as a Wizard Michael Jordan
47%
This musician played Jareth, the goblin king of a large maze David Bowie
39%
This Disney star was initially famous for being a Wizard of Waverly Place Selena Gomez
37%
This Shakespearean character was responsible for the storm in “The Tempest” Prospero
18%
This evil shapeshifting sorcerer runs a fighting tournament for combative mortals Shang Tsung
10%
No matching quizzes found
Score Distribution
Percent of People with Each Score
Percentile by Number Answered
Your Score History
You have not taken this quiz